000 00627nam a2200205Ia 4500
001 9696
003 GE_BSU
008 181216s||||||||xx |||||||||||||| ||und||
040 _cGE_BSU
080 _a821.353.1-32
100 _aნატროშვილი,გიორგი
245 _aმოთხრობები
245 _cრედ:გრ.ჩიქოვანი;მხატვ:.ლ.ავალიანი
260 _aთბილისი.
260 _bსაბჭ.მწერალი.
260 _c1955
300 _a168გვ;17სმ.
653 _aმოთხრობები
942 _cBK
999 _c42979
_d42979